| Tag |
First Indicator |
Second Indicator |
Subfields |
| LEADER |
00000cam a2200000 4500 |
| 001 |
in00000032454 |
| 005 |
20151007061750.0 |
| 008 |
730917s1920 nyu 00010 eng u |
| 010 |
|
|
|a 20020449
|
| 035 |
|
|
|a (OCoLC)00690159
|
| 035 |
|
|
|9 AAD3000AM
|
| 040 |
|
|
|c KSU
|d TXA
|d UtOrBLW
|
| 049 |
|
|
|a TXAM
|c [159345]
|
| 050 |
0 |
0 |
|a PS2014.H5
|b A8 1920
|
| 092 |
|
|
|a 818
|b H855a
|
| 100 |
1 |
|
|a Howe, E. W.
|q (Edgar Watson),
|d 1853-1937.
|
| 245 |
1 |
4 |
|a The anthology of another town /
|c by E. W. Howe.
|
| 264 |
|
1 |
|a New York :
|b A. A. Knopf,
|c 1920.
|
| 300 |
|
|
|a 181 pages ;
|c 20 cm.
|
| 336 |
|
|
|a text
|b txt
|2 rdacontent
|
| 337 |
|
|
|a unmediated
|b n
|2 rdamedia
|
| 338 |
|
|
|a volume
|b nc
|2 rdacarrier
|
| 999 |
|
|
|a MARS
|
| 999 |
f |
f |
|s c4f14e4d-8d7e-3f7a-927d-caa88f56c45f
|i 75b9ecc9-cfe2-33af-ba77-33d3536636b4
|t 0
|
| 952 |
f |
f |
|p ric
|a Texas A&M University
|b Rellis Campus
|c Joint Library Facility
|d Remote Storage
|t 0
|e PS2014.H5 A8 1920
|h Library of Congress classification
|i unmediated -- volume
|m A14801264468
|
| 998 |
f |
f |
|a PS2014.H5 A8 1920
|t 0
|l Remote Storage
|